000 00479nam a2200145 4500
001 107276
003 ES-MaACL
007 t|
008 061121s1919 sp r ||||1| spa d
100 1 _aMorán Bardón, César.
_983115
245 1 0 _aInvestigación acerca de arqueología y prehistoria de la región salmantina /
_cpor César Morán Bardón.
260 _aSalamanca :
_b[s.n.],
_c1919 (
_fTip. Calatrava)
300 _a131 p., XVII lám. ;
_c21 cm.
852 _aES-MaACL
_jB-5680
999 _c107276
_d107276